<?xml version="1.0" encoding="UTF-8"?>
<record
    xmlns:xsi="http://www.w3.org/2001/XMLSchema-instance"
    xsi:schemaLocation="http://www.loc.gov/MARC21/slim http://www.loc.gov/standards/marcxml/schema/MARC21slim.xsd"
    xmlns="http://www.loc.gov/MARC21/slim">

  <leader>00806nam a22002297a 4500</leader>
  <controlfield tag="003">OSt</controlfield>
  <controlfield tag="005">20161205170944.0</controlfield>
  <controlfield tag="008">161123b2016    sp a          000 0 spa|d</controlfield>
  <datafield tag="020" ind1=" " ind2=" ">
    <subfield code="a">9788436824025</subfield>
  </datafield>
  <datafield tag="040" ind1=" " ind2=" ">
    <subfield code="b">cat</subfield>
    <subfield code="c">CDMR</subfield>
  </datafield>
  <datafield tag="245" ind1="0" ind2="4">
    <subfield code="a">Las nuevas fuentes de informaci&#xF3;n</subfield>
    <subfield code="b">: la b&#xFA;squeda informativa, documental y de investigaci&#xF3;n en el &#xE1;mbito digital</subfield>
    <subfield code="c">Jos&#xE9; A. Cord&#xF3;n Garc&#xED;a ... [et al.]</subfield>
  </datafield>
  <datafield tag="260" ind1=" " ind2=" ">
    <subfield code="a">Madrid </subfield>
    <subfield code="b">Pir&#xE1;mide </subfield>
    <subfield code="c">cop. 2016</subfield>
  </datafield>
  <datafield tag="300" ind1=" " ind2=" ">
    <subfield code="a">526 p. </subfield>
    <subfield code="b">il., gr&#xE0;f., taules ;</subfield>
    <subfield code="c">24 cm</subfield>
  </datafield>
  <datafield tag="504" ind1=" " ind2=" ">
    <subfield code="a">Notes. Bibliografia </subfield>
  </datafield>
  <datafield tag="650" ind1="0" ind2="4">
    <subfield code="a">Periodisme</subfield>
    <subfield code="9">3564</subfield>
    <subfield code="x">Fonts d'informaci&#xF3;</subfield>
  </datafield>
  <datafield tag="650" ind1="0" ind2="4">
    <subfield code="a">Periodisme de precisi&#xF3;</subfield>
    <subfield code="9">3238</subfield>
  </datafield>
  <datafield tag="650" ind1="0" ind2="4">
    <subfield code="a">Cerca documental en l&#xED;nia</subfield>
  </datafield>
  <datafield tag="650" ind1="0" ind2="4">
    <subfield code="a">Web 2.0</subfield>
    <subfield code="9">3137</subfield>
  </datafield>
  <datafield tag="650" ind1="0" ind2="4">
    <subfield code="a">Recursos electr&#xF2;nics</subfield>
    <subfield code="9">4292</subfield>
  </datafield>
  <datafield tag="700" ind1="1" ind2=" ">
    <subfield code="a">Cord&#xF3;n Garc&#xED;a, Jos&#xE9; Antonio</subfield>
  </datafield>
  <datafield tag="942" ind1=" " ind2=" ">
    <subfield code="c">MON</subfield>
    <subfield code="2">udc</subfield>
  </datafield>
  <datafield tag="999" ind1=" " ind2=" ">
    <subfield code="c">6753</subfield>
    <subfield code="d">6753</subfield>
  </datafield>
  <datafield tag="952" ind1=" " ind2=" ">
    <subfield code="0">0</subfield>
    <subfield code="1">0</subfield>
    <subfield code="4">0</subfield>
    <subfield code="7">0</subfield>
    <subfield code="a">CDMR</subfield>
    <subfield code="b">CDMR</subfield>
    <subfield code="d">2014-09-02</subfield>
    <subfield code="e">Intercanvi</subfield>
    <subfield code="g">34.50</subfield>
    <subfield code="l">0</subfield>
    <subfield code="o">Ao 2</subfield>
    <subfield code="p">CDMR1409301271</subfield>
    <subfield code="r">2014-09-02</subfield>
    <subfield code="v">34.50</subfield>
    <subfield code="w">2014-09-02</subfield>
    <subfield code="y">MON</subfield>
  </datafield>
</record>
